[Event "Campeonato Brasileiro Amador 2016 U2200"]
[Site "Esporte Clube Pinheiros"]
[Date "2016.05.26"]
[Round "1.2"]
[White "Reis Junior, Evandro De Laet"]
[Black "Souza, Rafael Cabral De"]
[Result "1/2-1/2"]
[WhiteElo "2023"]
[BlackElo "2166"]
[PlyCount "33"]
[EventDate "2016.05.26"]

1. d4 Nf6 2. Nf3 e6 3. Bf4 c5 4. e3 Nc6 5. c3 b6 6. Nbd2 Be7 7. h3 Bb7 8. Bd3
O-O 9. O-O Nd5 10. Bh2 f5 11. Qe2 a6 12. Rac1 Nf6 13. dxc5 bxc5 14. e4 g6 15.
Rfe1 Ne8 16. Qe3 Rf7 17. Bf4 1/2-1/2

[Event "Campeonato Brasileiro Amador 2016 U2200"]
[Site "Esporte Clube Pinheiros"]
[Date "2016.05.26"]
[Round "1.4"]
[White "Lopes, Marcelo Ferreira"]
[Black "Bruce, Shannon Hill"]
[Result "1-0"]
[WhiteElo "2020"]
[BlackElo "2145"]
[PlyCount "79"]
[EventDate "2016.05.26"]

1. e4 d6 2. d4 Nf6 3. Nc3 g6 4. Nf3 Bg7 5. Be2 Nc6 6. O-O O-O 7. h3 e5 8. dxe5
Nxe5 9. Nxe5 dxe5 10. Qxd8 Rxd8 11. Bg5 Rd4 12. Nb5 Rxe4 13. Bd3 Ra4 14. b3 Ra5
15. Bd2 Rxb5 16. Bxb5 Bf5 17. Rac1 Ne4 18. Rcd1 Nd6 19. Be2 h5 20. Bb4 Ne8 21.
c4 Bf6 22. g4 Be6 23. Bf3 a5 24. Bc5 c6 25. Kg2 h4 26. Rd2 Bg5 27. Be3 Be7 28.
Rfd1 g5 29. Bb6 f6 30. Be4 Kf7 31. Bf5 Bxf5 32. gxf5 Ng7 33. Rd7 Nxf5 34. Rxb7
Kg6 35. Rdd7 Bb4 36. Ra7 Re8 37. Bxa5 Bc5 38. Rab7 e4 39. Rd8 Re7 40. Rxe7 1-0

[Event "Campeonato Brasileiro Amador 2016 U2200"]
[Site "Esporte Clube Pinheiros"]
[Date "2016.05.26"]
[Round "1.5"]
[White "Rodrigues, Tiago Pereira"]
[Black "Martins, Anmartom Mugabe Lour"]
[Result "1-0"]
[WhiteElo "2138"]
[BlackElo "1998"]
[PlyCount "133"]
[EventDate "2016.05.26"]

1. e4 c5 2. Nf3 d6 3. d4 cxd4 4. c3 d3 5. Bxd3 Nc6 6. h3 g6 7. c4 Bg7 8. O-O
Nf6 9. Nc3 O-O 10. Bg5 Be6 11. Qd2 Rc8 12. Rfd1 Nb4 13. b3 Nxd3 14. Qxd3 a6 15.
a4 Nd7 16. Nd4 Nc5 17. Qc2 Bxd4 18. Rxd4 Qb6 19. Nd5 Bxd5 20. Rxd5 e6 21. Rdd1
Qxb3 22. Qxb3 Nxb3 23. Rab1 Nc5 24. f3 f6 25. Be3 Rf7 26. a5 Rc6 27. Rb4 Rd7
28. Rdb1 Rcc7 29. Rd1 Kf8 30. Bf4 Ke7 31. Kf1 Rc6 32. h4 Rdc7 33. Ke2 Nd7 34.
Rdb1 Rc5 35. Ra4 Ne5 36. Bxe5 Rxe5 37. Kd3 Kd7 38. Rb6 Rec5 39. Rb3 Kc8 40. Rb6
R7c6 41. Rb3 Rh5 42. g3 Rcc5 43. Rab4 Rc7 44. Rb6 Rd7 45. Ra3 g5 46. hxg5 Rxg5
47. g4 f5 48. gxf5 exf5 49. Kd4 fxe4 50. fxe4 h5 51. Rb2 h4 52. Rh2 Rh7 53.
Rah3 Rgh5 54. Ra2 Kd7 55. Ra1 Ke6 56. Rah1 Kf6 57. Rf3+ Ke6 58. Rfh3 Kd7 59.
Rb1 Kc6 60. Rbh1 Rxa5 61. Rxh4 Rxh4 62. Rxh4 Ra1 63. Rh8 Rd1+ 64. Kc3 Rc1+ 65.
Kd4 b5 66. cxb5+ axb5 67. Rh3 1-0

[Event "Campeonato Brasileiro Amador 2016 U2200"]
[Site "Esporte Clube Pinheiros"]
[Date "2016.05.26"]
[Round "1.6"]
[White "Almeida, Gianluca Jorio"]
[Black "Loureiro, Anderson Felix"]
[Result "1/2-1/2"]
[WhiteElo "1971"]
[BlackElo "2132"]
[PlyCount "62"]
[EventDate "2016.05.26"]

1. c4 Nf6 2. Nc3 g6 3. d4 Bg7 4. e4 d6 5. f4 Na6 6. Nf3 Bg4 7. Be2 c5 8. d5
Bxf3 9. Bxf3 Nc7 10. O-O O-O 11. Qe2 Nd7 12. Be3 Rb8 13. a4 b6 14. Bf2 e6 15.
Nb5 Nxb5 16. axb5 exd5 17. exd5 Rb7 18. Qd2 h5 19. Ra2 Bh6 20. Be3 Re8 21. Qd3
Bg7 22. Bf2 Qf6 23. g3 g5 24. Bxh5 gxf4 25. gxf4 Qxf4 26. Bg3 Qd4+ 27. Qxd4
Bxd4+ 28. Kg2 Ne5 29. b3 Kg7 30. Re2 Rh8 31. Rf5 Rh6 1/2-1/2

[Event "Campeonato Brasileiro Amador 2016 U2200"]
[Site "Esporte Clube Pinheiros"]
[Date "2016.05.26"]
[Round "1.7"]
[White "Cadilhac, Igor Tokuichi Kikuch"]
[Black "Noseda, Francesco"]
[Result "1-0"]
[WhiteElo "2129"]
[BlackElo "1966"]
[PlyCount "101"]
[EventDate "2016.05.26"]

1. e4 c5 2. Nf3 d6 3. d4 cxd4 4. Qxd4 Nc6 5. Bb5 Bd7 6. Bxc6 Bxc6 7. Nc3 Nf6 8.
Bg5 e6 9. O-O-O Be7 10. Qd3 O-O 11. Nd4 d5 12. e5 Nd7 13. Bxe7 Qxe7 14. f4 a6
15. Qg3 f5 16. exf6 Qxf6 17. Rhf1 e5 18. fxe5 Qxe5 19. Qxe5 Nxe5 20. Nf5 d4 21.
Ne7+ Kh8 22. Nxc6 Nxc6 23. Ne2 Kg8 24. b3 g5 25. Rxf8+ Rxf8 26. Nxd4 Nxd4 27.
Rxd4 Rf2 28. Rd2 Rf7 29. a4 Kg7 30. a5 Kg6 31. c4 h5 32. Kc2 g4 33. Kd3 h4 34.
Ke4 Kg5 35. Rd5+ Kg6 36. g3 h3 37. Rd2 Kg5 38. Ke5 Re7+ 39. Kd6 Rf7 40. b4 Kg6
41. b5 axb5 42. cxb5 Rf5 43. Rb2 Rf6+ 44. Kc7 Rf7+ 45. Kb6 Re7 46. Ka7 Kf5 47.
b6 Rd7 48. a6 bxa6+ 49. b7 a5 50. Ka6 Rd6+ 51. Kxa5 1-0

[Event "Campeonato Brasileiro Amador 2016 U2200"]
[Site "Esporte Clube Pinheiros"]
[Date "2016.05.26"]
[Round "1.8"]
[White "Viaro Baccarin, Natalia"]
[Black "Andrade, Roberto Luiz Costa"]
[Result "0-1"]
[WhiteElo "1962"]
[BlackElo "2120"]
[PlyCount "56"]
[EventDate "2016.05.26"]

1. e4 c5 2. Nf3 a6 3. c4 d6 4. d4 cxd4 5. Nxd4 Nf6 6. Nc3 g6 7. Be2 Bg7 8. Be3
O-O 9. O-O Nbd7 10. f3 Ne5 11. Qd2 Re8 12. Rfd1 Bd7 13. Rab1 Rc8 14. b3 Qa5 15.
Rdc1 Qc7 16. b4 e6 17. c5 dxc5 18. bxc5 Nc6 19. Bd1 Red8 20. Nxc6 Bxc6 21. Qf2
Qa5 22. Ne2 Bxe4 23. fxe4 Ng4 24. Qg3 Nxe3 25. Bb3 Qd2 26. Nf4 Be5 27. Rd1 Nxd1
28. Rxd1 Qxf4 0-1

[Event "Campeonato Brasileiro Amador 2016 U2200"]
[Site "Esporte Clube Pinheiros"]
[Date "2016.05.26"]
[Round "1.10"]
[White "Moyses Sobrinho, Elias"]
[Black "Pacheco, Helcio"]
[Result "0-1"]
[WhiteElo "1914"]
[BlackElo "2110"]
[PlyCount "56"]
[EventDate "2016.05.26"]

1. e4 c5 2. Nf3 Nc6 3. d4 cxd4 4. Nxd4 Nf6 5. Nc3 e5 6. Nxc6 bxc6 7. Bc4 Bb4 8.
O-O O-O 9. Bg5 h6 10. Bh4 Qe7 11. Qf3 g5 12. Bg3 d6 13. h4 Bg4 14. Qd3 Nh5 15.
hxg5 hxg5 16. a3 Bc5 17. Na4 Bd4 18. c3 Bb6 19. Nxb6 axb6 20. a4 Kg7 21. b4 Rh8
22. Qe3 Rh6 23. Be2 Bxe2 24. Qxe2 Rah8 25. Qg4 Nf4 26. f3 Nd3 27. Qh3 Rxh3 28.
gxh3 Qe6 0-1

[Event "Campeonato Brasileiro Amador 2016 U2200"]
[Site "Esporte Clube Pinheiros"]
[Date "2016.05.26"]
[Round "1.12"]
[White "Silva, Luiz Thiago"]
[Black "Winfridsson, Ola"]
[Result "1-0"]
[WhiteElo "1872"]
[BlackElo "2075"]
[PlyCount "121"]
[EventDate "2016.05.26"]

1. d4 d5 2. c4 e6 3. Nc3 Be7 4. Nf3 Nf6 5. Bg5 h6 6. Bh4 O-O 7. e3 b6 8. Bd3
Bb7 9. O-O Ne4 10. Bxe7 Qxe7 11. Rc1 Nd7 12. cxd5 exd5 13. Qe2 Nxc3 14. Rxc3 c5
15. dxc5 bxc5 16. Rfc1 c4 17. Bb1 Nc5 18. Nd4 Ne4 19. Nf5 Qe6 20. Qg4 g5 21.
Bxe4 dxe4 22. Rxc4 Kh7 23. Rc5 Rac8 24. h4 Rxc5 25. Rxc5 Rc8 26. Ra5 Qb6 27.
Qh5 Rc1+ 28. Kh2 Qc7+ 29. g3 Rc6 30. b4 Rg6 31. Rc5 Qd7 32. Nd4 gxh4 33. Qxh4
Bd5 34. Qf4 Rg5 35. Kg2 Kg6 36. Qc7 Qxc7 37. Rxc7 a6 38. a4 Kf6 39. Kf1 Ke5 40.
Rc5 Rg6 41. Ke1 Rb6 42. b5 Kd6 43. Rc8 Kd7 44. Rc5 Kd6 45. Rc8 Kd7 46. Rc2 axb5
47. axb5 Kd6 48. Kd2 Rb8 49. Kc1 h5 50. Kb2 Ra8 51. Nf5+ Ke5 52. Nd4 h4 53.
gxh4 Rh8 54. Kc3 f5 55. Kb4 f4 56. Nc6+ Kd6 57. Nd4 Ke5 58. Ne2 fxe3 59. fxe3
Rxh4 60. Nf4 Bb7 61. Ng6+ 1-0

[Event "Campeonato Brasileiro Amador 2016 U2200"]
[Site "Esporte Clube Pinheiros"]
[Date "2016.05.26"]
[Round "1.13"]
[White "Florencio, Yuri Matos"]
[Black "Chi Haur, Wu"]
[Result "1-0"]
[WhiteElo "2073"]
[BlackElo "1574"]
[PlyCount "77"]
[EventDate "2016.05.26"]

1. e4 c5 2. Nf3 g6 3. d4 cxd4 4. Nxd4 Nc6 5. Nc3 Bg7 6. Be3 Nf6 7. Bc4 O-O 8.
Bb3 Ng4 9. Qxg4 Bxd4 10. Bxd4 Nxd4 11. Qg5 e6 12. Qd2 Nxb3 13. axb3 a6 14. h4
h5 15. O-O-O d5 16. e5 f5 17. Qh6 Qe8 18. Ne2 Qf7 19. Nf4 Qg7 20. Qxg6 Qxg6 21.
Nxg6 Rf7 22. Nf4 Rh7 23. c4 Bd7 24. cxd5 exd5 25. Nxd5 Rc8+ 26. Kb1 Bc6 27.
Nf6+ Kg7 28. Nxh7 Kxh7 29. f3 Rg8 30. Rd2 f4 31. Re1 Kg7 32. Rd4 Kf7 33. Rxf4+
Ke7 34. g4 hxg4 35. fxg4 Bd5 36. e6 b5 37. Rf7+ Ke8 38. g5 Bxe6 39. Rf6 1-0

[Event "Campeonato Brasileiro Amador 2016 U2200"]
[Site "Esporte Clube Pinheiros"]
[Date "2016.05.26"]
[Round "1.14"]
[White "Lukjanenko Callegari, Lucca"]
[Black "Ikeda, Vinicius Yasuto"]
[Result "0-1"]
[WhiteElo "1281"]
[BlackElo "2070"]
[PlyCount "36"]
[EventDate "2016.05.26"]

1. c4 e5 2. Nc3 Nc6 3. e3 Nf6 4. Nf3 d6 5. d4 exd4 6. Nxd4 g6 7. b3 Bg7 8. Nxc6
bxc6 9. Bb2 O-O 10. Bd3 d5 11. cxd5 cxd5 12. Bb5 Bf5 13. Ba3 Ne4 14. Bxf8 Bxc3+
15. Ke2 Bxa1 16. Qxa1 Qxf8 17. Qe5 Qg7 18. Qxd5 Nc3+ 0-1

[Event "Campeonato Brasileiro Amador 2016 U2200"]
[Site "Esporte Clube Pinheiros"]
[Date "2016.05.26"]
[Round "2.1"]
[White "Batista, Gerson Peres"]
[Black "Florencio, Yuri Matos"]
[Result "1-0"]
[WhiteElo "2175"]
[BlackElo "2073"]
[PlyCount "54"]
[EventDate "2016.05.26"]

1. e4 c5 2. c3 Nf6 3. e5 Nd5 4. d4 e6 5. Nf3 cxd4 6. cxd4 d6 7. a3 Be7 8. Bd3
Nc6 9. O-O O-O 10. Qe2 dxe5 11. dxe5 Qc7 12. Bd2 b6 13. Nc3 Nxc3 14. Bxc3 Bb7
15. Rac1 Rac8 16. h4 Rfd8 17. Rfd1 Rd7 18. h5 Rcd8 19. Bc2 Rxd1+ 20. Rxd1 a5
21. Rc1 Rd5 22. Qe4 g6 23. hxg6 hxg6 24. Qg4 Kg7 25. Ng5 Bxg5 26. Qxg5 Nxe5 27.
Be4 Rc5 1-0

[Event "Campeonato Brasileiro Amador 2016 U2200"]
[Site "Esporte Clube Pinheiros"]
[Date "2016.05.26"]
[Round "2.2"]
[White "Leitao, Nicolau"]
[Black "Rodrigues, Nei Jorge"]
[Result "1/2-1/2"]
[WhiteElo "2164"]
[BlackElo "2060"]
[PlyCount "39"]
[EventDate "2016.05.26"]

1. d4 Nf6 2. c4 b6 3. Nc3 Bb7 4. e3 e6 5. Nf3 Bb4 6. Bd3 Ne4 7. Qc2 f5 8. a3
Bxc3+ 9. bxc3 O-O 10. O-O d6 11. Nd2 Qh4 12. f3 Nxd2 13. Bxd2 Nd7 14. Rae1 a5
15. Bc1 Rad8 16. Qf2 Qxf2+ 17. Rxf2 Ba6 18. e4 f4 19. Rd1 e5 20. a4 1/2-1/2

[Event "Campeonato Brasileiro Amador 2016 U2200"]
[Site "Esporte Clube Pinheiros"]
[Date "2016.05.26"]
[Round "2.3"]
[White "Pacheco, Helcio"]
[Black "Rodrigues, Tiago Pereira"]
[Result "0-1"]
[WhiteElo "2110"]
[BlackElo "2138"]
[PlyCount "78"]
[EventDate "2016.05.26"]

1. d4 Nf6 2. c4 g6 3. Nc3 d5 4. Bf4 Bg7 5. e3 dxc4 6. Bxc4 O-O 7. Rc1 c6 8. h3
Nbd7 9. Nf3 Nb6 10. Bb3 Bf5 11. O-O Ne4 12. Qe2 a5 13. a3 a4 14. Ba2 Ra5 15.
Rfd1 h6 16. Bh2 Qc8 17. Ne5 Nxc3 18. bxc3 Be6 19. c4 Nd7 20. Nd3 Nf6 21. Nc5
Bxh3 22. gxh3 b6 23. Nd3 Rg5+ 24. Kh1 Qxh3 25. Nf4 Qh4 26. Rg1 Ne4 27. Rcf1 e5
28. Rxg5 hxg5 29. Ng2 Qh3 30. Kg1 g4 31. Ne1 exd4 32. exd4 g3 33. Nf3 gxh2+ 34.
Nxh2 Nc3 35. Qd2 Bxd4 36. Kh1 c5 37. Bb1 Kg7 38. Bc2 Rh8 39. f4 Qxf1# 0-1

[Event "Campeonato Brasileiro Amador 2016 U2200"]
[Site "Esporte Clube Pinheiros"]
[Date "2016.05.26"]
[Round "2.4"]
[White "Coutinho, Sidnei Bissacot"]
[Black "Cadilhac, Igor Tokuichi Kikuch"]
[Result "0-1"]
[WhiteElo "2089"]
[BlackElo "2129"]
[PlyCount "126"]
[EventDate "2016.05.26"]

1. e4 c5 2. Nf3 d6 3. d4 cxd4 4. Nxd4 Nf6 5. Nc3 g6 6. Be3 Bg7 7. f3 O-O 8. Qd2
Nc6 9. O-O-O d5 10. Nb3 dxe4 11. Qxd8 Rxd8 12. Rxd8+ Nxd8 13. fxe4 Ng4 14. Bc5
e5 15. Be2 b6 16. Rd1 Be6 17. Bg1 Bh6+ 18. Kb1 Ne3 19. Bxe3 Bxe3 20. Nd5 Bg5
21. g3 Kf8 22. Nd2 Bxd5 23. exd5 Bxd2 24. Rxd2 Nb7 25. Rd3 Ke7 26. Kc1 Rd8 27.
Ra3 a5 28. Rb3 Rd6 29. c4 f5 30. Re3 Kf6 31. a3 a4 32. b4 axb3 33. Rxb3 Nc5 34.
Rb5 e4 35. Kd2 Ke5 36. Kc3 g5 37. Bd1 e3 38. Be2 Ke4 39. Rb1 f4 40. Rf1 Rf6 41.
Bf3+ Ke5 42. gxf4+ gxf4 43. Rg1 Ne4+ 44. Kd3 Nd2 45. Bd1 f3 46. Kxe3 f2 47. Rg3
Kd6 48. Be2 f1=Q 49. Bxf1 Nxf1+ 50. Ke2 Kc5 51. Rg4 Nxh2 52. Rh4 Nf3 53. Rxh7
Kxc4 54. Rd7 Nd4+ 55. Ke3 Rd6 56. Rc7+ Kxd5 57. Ra7 Kc4 58. Ra4+ Kc3 59. Ra8
Kb3 60. a4 Nc2+ 61. Ke2 Kb4 62. Ra6 Nd4+ 63. Ke3 Nb3 0-1

[Event "Campeonato Brasileiro Amador 2016 U2200"]
[Site "Esporte Clube Pinheiros"]
[Date "2016.05.26"]
[Round "2.5"]
[White "Andrade, Roberto Luiz Costa"]
[Black "Lopes, Marcelo Ferreira"]
[Result "1/2-1/2"]
[WhiteElo "2120"]
[BlackElo "2020"]
[PlyCount "107"]
[EventDate "2016.05.26"]

1. e4 e6 2. d4 d5 3. Nc3 Bb4 4. e5 c5 5. a3 Bxc3+ 6. bxc3 Ne7 7. h4 Qc7 8. Nf3
Nbc6 9. h5 h6 10. Rh4 Bd7 11. Rf4 cxd4 12. cxd4 Na5 13. a4 Rc8 14. Bd3 Nc4 15.
Kf1 Qa5 16. Qe1 Qxe1+ 17. Kxe1 O-O 18. Nd2 Na5 19. Ba3 Rfe8 20. Bc5 Nec6 21.
Kd1 b6 22. Ba3 Nb8 23. Bd6 Nb7 24. Bxb8 Rxb8 25. Ba6 Na5 26. Rf3 Nc6 27. Bb5
Rbd8 28. Nb3 Nb8 29. Rc3 Rc8 30. Rxc8 Rxc8 31. Bxd7 Nxd7 32. a5 Rc7 33. axb6
axb6 34. Ra8+ Kh7 35. Kd2 g5 36. g4 Kg7 37. Ra6 Rb7 38. Nc1 Nb8 39. Ra1 f6 40.
exf6+ Kxf6 41. Nd3 Nc6 42. c3 e5 43. Ra8 exd4 44. cxd4 Nxd4 45. Rh8 Nf3+ 46.
Ke2 Ne5 47. Rxh6+ Kg7 48. Rd6 Nxg4 49. Rg6+ Kh7 50. Rxg5 Nf6 51. Nb4 Ne4 52.
Re5 Rf7 53. Nxd5 Nxf2 54. Nxb6 1/2-1/2

[Event "Campeonato Brasileiro Amador 2016 U2200"]
[Site "Esporte Clube Pinheiros"]
[Date "2016.05.26"]
[Round "2.6"]
[White "Ikeda, Vinicius Yasuto"]
[Black "Brandao, Renan Alves"]
[Result "1-0"]
[WhiteElo "2070"]
[BlackElo "2116"]
[PlyCount "79"]
[EventDate "2016.05.26"]

1. d4 Nf6 2. c4 g6 3. Nc3 Bg7 4. e4 d6 5. Nf3 O-O 6. Be2 Na6 7. O-O e5 8. Bg5
h6 9. Bd2 Qe8 10. dxe5 dxe5 11. a3 Nc5 12. Qc2 c6 13. b4 Ne6 14. Bd3 Nh5 15. g3
Nf6 16. c5 Nh7 17. Qc1 Qd8 18. Bc4 Qf6 19. Kg2 Nd4 20. Nxd4 exd4 21. Ne2 d3 22.
Bc3 Qd8 23. Nf4 d2 24. Qb2 Bxc3 25. Qxc3 Qe8 26. f3 Ng5 27. Nxg6 Bh3+ 28. Kf2
Kh7 29. Nxf8+ Qxf8 30. Rfd1 f5 31. exf5 Rd8 32. Rxd2 Bxf5 33. Rxd8 Qxd8 34. h4
Ne6 35. Bxe6 Bxe6 36. Qc2+ Kg7 37. Rd1 Bd5 38. Qf5 b6 39. Re1 bxc5 40. bxc5 1-0

[Event "Campeonato Brasileiro Amador 2016 U2200"]
[Site "Esporte Clube Pinheiros"]
[Date "2016.05.26"]
[Round "2.7"]
[White "Souza, Rafael Cabral De"]
[Black "Silva, Luiz Thiago"]
[Result "0-1"]
[WhiteElo "2166"]
[BlackElo "1872"]
[PlyCount "68"]
[EventDate "2016.05.26"]

1. e4 c5 2. Nf3 d6 3. d4 cxd4 4. Nxd4 Nf6 5. Nc3 a6 6. Bg5 e6 7. f4 Be7 8. Qf3
Qc7 9. O-O-O Bd7 10. e5 dxe5 11. fxe5 Nd5 12. Bxe7 Nxe7 13. Qg3 Ng6 14. Nf3 Bc6
15. Rd6 Nd7 16. Nh4 Nxh4 17. Qxh4 Nxe5 18. Qd4 Ng6 19. h4 O-O 20. h5 Rad8 21.
Rxd8 Rxd8 22. Qc5 b6 23. Qg1 Ne7 24. Bxa6 Qf4+ 25. Kb1 Qd4 26. Qh2 Nd5 27. Ne2
Qd2 28. Bd3 Nb4 29. Qc7 Rxd3 30. Nc3 Qxc2+ 31. Ka1 h6 32. Qb8+ Kh7 33. Qe5 Rd2
34. Rb1 Qxc3 0-1

[Event "Campeonato Brasileiro Amador 2016 U2200"]
[Site "Esporte Clube Pinheiros"]
[Date "2016.05.26"]
[Round "2.8"]
[White "Loureiro, Anderson Felix"]
[Black "Reis Junior, Evandro De Laet"]
[Result "1/2-1/2"]
[WhiteElo "2132"]
[BlackElo "2023"]
[PlyCount "73"]
[EventDate "2016.05.26"]

1. e4 c5 2. Nf3 e6 3. d3 Nc6 4. g3 g6 5. Bg2 Bg7 6. O-O Nge7 7. Re1 d6 8. c3
O-O 9. a4 Rb8 10. Na3 a6 11. Bf4 e5 12. Be3 b5 13. axb5 axb5 14. Qd2 Be6 15.
Bh6 b4 16. Bxg7 Kxg7 17. Nc2 Na5 18. Rad1 Nb3 19. Qe3 bxc3 20. bxc3 Bg4 21. Rb1
Bxf3 22. Bxf3 Nc6 23. Red1 h5 24. h4 Qa5 25. Qe1 Qa2 26. Qe2 Qa5 27. Qe1 Rb7
28. Ne3 Rfb8 29. Nc4 Qc7 30. Kg2 Nca5 31. Ne3 Nc6 32. Nd5 Qd8 33. Rb2 Ne7 34.
Ne3 Nd4 35. Rxb7 Nxf3 36. Kxf3 Rxb7 37. Rb1 1/2-1/2

[Event "Campeonato Brasileiro Amador 2016 U2200"]
[Site "Esporte Clube Pinheiros"]
[Date "2016.05.26"]
[Round "2.9"]
[White "Bruce, Shannon Hill"]
[Black "Almeida, Gianluca Jorio"]
[Result "1-0"]
[WhiteElo "2145"]
[BlackElo "1971"]
[PlyCount "119"]
[EventDate "2016.05.26"]

1. Nf3 d5 2. g3 Nf6 3. Bg2 c5 4. c4 e6 5. cxd5 exd5 6. d4 Nc6 7. O-O Be7 8.
dxc5 Bxc5 9. Nc3 O-O 10. Bg5 d4 11. Bxf6 Qxf6 12. Nd5 Qd8 13. Nd2 Be6 14. Nf4
Qd7 15. Rc1 Bb6 16. Qa4 Rac8 17. Nc4 Bxc4 18. Rxc4 Ne5 19. Qxd7 Nxd7 20. Rfc1
Rxc4 21. Rxc4 Ne5 22. Rc2 Rb8 23. Nd5 Bd8 24. Rd2 Nc6 25. b4 a6 26. h4 g6 27.
a3 Kg7 28. Nf4 Bf6 29. Rc2 Ne5 30. Rc7 b5 31. Ne6+ Kg8 32. Nc5 Nc4 33. Nxa6 Re8
34. Kf1 Nxa3 35. Bd5 Re7 36. Rc8+ Kg7 37. Nc7 Be5 38. Ne8+ Kh6 39. f4 Bg7 40.
Nd6 Kh5 41. Bf3+ Kh6 42. Bd5 Kh5 43. Nxf7 Kg4 44. Kf2 d3 45. Bf3+ Kh3 46. Ng5+
Kh2 47. e3 d2 48. Rd8 Bc3 49. Be2 Nc4 50. Nf3+ Kh3 51. Ng5+ Kh2 52. Nf3+ Kh3
53. Bf1+ Kg4 54. Rd5 d1=N+ 55. Rxd1 Rxe3 56. Nh2+ Kf5 57. Bxc4 Re7 58. Bxb5
Bxb4 59. Kf3 h5 60. Nf1 1-0

[Event "Campeonato Brasileiro Amador 2016 U2200"]
[Site "Esporte Clube Pinheiros"]
[Date "2016.05.26"]
[Round "2.10"]
[White "Winfridsson, Ola"]
[Black "Moyses Sobrinho, Elias"]
[Result "0-1"]
[WhiteElo "2075"]
[BlackElo "1914"]
[PlyCount "44"]
[EventDate "2016.05.26"]

1. d4 Nf6 2. c4 c5 3. d5 b5 4. cxb5 a6 5. b6 Qxb6 6. Nc3 d6 7. Nf3 g6 8. e4
Nbd7 9. Be2 Bg7 10. O-O O-O 11. Nd2 Ne5 12. Kh1 Qb4 13. f4 Neg4 14. Nc4 h5 15.
a3 Qb8 16. h3 Nh6 17. Be3 Nd7 18. f5 Nb6 19. Nxb6 Qxb6 20. Qd2 Kh7 21. g4 gxf5
22. e5 dxe5 0-1

[Event "Campeonato Brasileiro Amador 2016 U2200"]
[Site "Esporte Clube Pinheiros"]
[Date "2016.05.26"]
[Round "2.14"]
[White "Noseda, Francesco"]
[Black "Lukjanenko Callegari, Lucca"]
[Result "1-0"]
[WhiteElo "1966"]
[BlackElo "1281"]
[PlyCount "31"]
[EventDate "2016.05.26"]

1. e4 c6 2. d4 d5 3. exd5 cxd5 4. c4 e6 5. Nc3 Nf6 6. Nf3 a6 7. Bg5 Be7 8. c5
O-O 9. Bd3 Qc7 10. O-O Nc6 11. a3 h6 12. Bh4 Rd8 13. Bg3 Qd7 14. Na4 Qe8 15.
Nb6 Ra7 16. Bc7 1-0

[Event "Campeonato Brasileiro Amador 2016 U2200"]
[Site "Esporte Clube Pinheiros"]
[Date "2016.05.27"]
[Round "3.1"]
[White "Silva, Luiz Thiago"]
[Black "Batista, Gerson Peres"]
[Result "1/2-1/2"]
[WhiteElo "1872"]
[BlackElo "2175"]
[PlyCount "54"]
[EventDate "2016.05.26"]

1. d4 Nf6 2. c4 g6 3. Nc3 Bg7 4. e4 d6 5. f3 O-O 6. Be3 c5 7. Nge2 cxd4 8. Nxd4
Nc6 9. Be2 Nxd4 10. Bxd4 a5 11. O-O Bd7 12. Rc1 Be6 13. Qd2 Nd7 14. Be3 Nc5 15.
Rfd1 a4 16. Nd5 Bxd5 17. cxd5 a3 18. b3 Bb2 19. Rc2 Rc8 20. Bh6 Re8 21. Kf1 Nd7
22. Bb5 Rc7 23. Qe2 Qc8 24. Rdd2 Bc3 25. Rd1 Bb2 26. Rdd2 Bc3 27. Rd1 Bb2
1/2-1/2

[Event "Campeonato Brasileiro Amador 2016 U2200"]
[Site "Esporte Clube Pinheiros"]
[Date "2016.05.27"]
[Round "3.2"]
[White "Rodrigues, Tiago Pereira"]
[Black "Ikeda, Vinicius Yasuto"]
[Result "1-0"]
[WhiteElo "2138"]
[BlackElo "2070"]
[PlyCount "97"]
[EventDate "2016.05.26"]

1. Nf3 d5 2. c4 d4 3. e3 c5 4. exd4 cxd4 5. d3 Nc6 6. g3 e5 7. Bg2 Nf6 8. Bg5
Be7 9. O-O O-O 10. Nbd2 h6 11. Bxf6 Bxf6 12. Ne1 Bf5 13. Qe2 Qd7 14. Nc2 a5 15.
Rfb1 Be7 16. b3 Rfe8 17. a3 Bg4 18. Qf1 Bf8 19. h3 Bf5 20. g4 Bg6 21. Ne4 Kh8
22. Rb2 Nd8 23. b4 Ne6 24. bxa5 Nf4 25. Rab1 Ra7 26. Rb5 f5 27. gxf5 Bxf5 28.
Kh2 Re6 29. Ne1 Rg6 30. Ng3 Be6 31. Rxb7 Rxb7 32. Rxb7 Qa4 33. Ra7 Qxa3 34. Ra8
Rf6 35. a6 Kh7 36. Be4+ g6 37. Nc2 Qa2 38. Qc1 Nxh3 39. f3 Ng5 40. Bb7 Nxf3+
41. Kh1 Bc5 42. Ne4 Rf4 43. Nxc5 Rh4+ 44. Kg2 Rh2+ 45. Kxf3 Bf5 46. a7 Rxc2 47.
Rh8+ Kxh8 48. Qxh6+ Kg8 49. Bd5+ 1-0

[Event "Campeonato Brasileiro Amador 2016 U2200"]
[Site "Esporte Clube Pinheiros"]
[Date "2016.05.27"]
[Round "3.3"]
[White "Cadilhac, Igor Tokuichi Kikuch"]
[Black "Leitao, Nicolau"]
[Result "1/2-1/2"]
[WhiteElo "2129"]
[BlackElo "2164"]
[PlyCount "31"]
[EventDate "2016.05.26"]

1. e4 e5 2. Nf3 Nc6 3. Bb5 a6 4. Ba4 Nf6 5. d3 b5 6. Bb3 Be7 7. O-O d6 8. c3
O-O 9. Re1 Na5 10. Bc2 c5 11. Nbd2 Qc7 12. Nf1 Nc6 13. Ne3 g6 14. d4 cxd4 15.
cxd4 Rd8 16. d5 1/2-1/2

[Event "Campeonato Brasileiro Amador 2016 U2200"]
[Site "Esporte Clube Pinheiros"]
[Date "2016.05.27"]
[Round "3.4"]
[White "Rodrigues, Nei Jorge"]
[Black "Andrade, Roberto Luiz Costa"]
[Result "0-1"]
[WhiteElo "2060"]
[BlackElo "2120"]
[PlyCount "106"]
[EventDate "2016.05.26"]

1. d4 d5 2. c4 c6 3. cxd5 cxd5 4. Bf4 Nc6 5. e3 Qb6 6. Qd2 Nf6 7. Nc3 Bf5 8. f3
e6 9. Rc1 Be7 10. g4 Bg6 11. h4 h6 12. Nh3 Rc8 13. Bg3 Nd7 14. Nf4 Bh7 15. Be2
a6 16. Kf2 Qd8 17. Rcg1 b5 18. Bd3 Bxd3 19. Nxd3 Na5 20. b3 Rc6 21. Rc1 Ba3 22.
Rc2 Qc8 23. b4 Nc4 24. Qe1 Ncb6 25. Qa1 Na4 26. Nc5 Bxb4 27. N3xa4 bxa4 28.
Rhc1 O-O 29. a3 Nxc5 30. dxc5 Bxc5 31. Kg2 f6 32. Bf2 Rf7 33. g5 hxg5 34. hxg5
fxg5 35. Bg3 g4 36. f4 Qf8 37. Qb2 Bxa3 38. Qa2 Rxc2+ 39. Rxc2 Rb7 40. Bf2 Rb3
41. Qa1 Qf6 42. Rc8+ Kh7 43. Qd1 Qg6 44. Qd4 Qe4+ 45. Qxe4+ dxe4 46. Rc6 a5 47.
Rxe6 Bb4 48. Bh4 a3 49. Kg3 a2 50. Kxg4 a1=Q 51. f5 Rxe3 52. f6 Qd1+ 53. Kf5
Qf3+ 0-1

[Event "Campeonato Brasileiro Amador 2016 U2200"]
[Site "Esporte Clube Pinheiros"]
[Date "2016.05.27"]
[Round "3.5"]
[White "Lopes, Marcelo Ferreira"]
[Black "Loureiro, Anderson Felix"]
[Result "0-1"]
[WhiteElo "2020"]
[BlackElo "2132"]
[PlyCount "96"]
[EventDate "2016.05.26"]

1. e4 c5 2. Nf3 Nc6 3. Bb5 g6 4. Bxc6 dxc6 5. d3 Bg7 6. Nc3 e5 7. Be3 b6 8. h3
Ne7 9. O-O O-O 10. Qd2 f6 11. Bh6 Be6 12. Nh2 c4 13. Bxg7 Kxg7 14. f4 cxd3 15.
cxd3 Qd4+ 16. Rf2 Rad8 17. Rd1 exf4 18. Qxf4 g5 19. Qg3 Ng6 20. Nf3 Qd6 21.
Qxd6 Rxd6 22. d4 h6 23. Rfd2 g4 24. hxg4 Bxg4 25. d5 Bxf3 26. gxf3 Rfd8 27. Kf2
f5 28. Ke3 cxd5 29. Rxd5 Rxd5 30. exd5 h5 31. Nb5 Rd7 32. Kd4 Kf6 33. Rc1 Nf4
34. Rc6+ Kg5 35. Nc3 h4 36. Rc8 h3 37. Rh8 Rd6 38. Ke5 Ng6+ 39. Kxd6 Nxh8 40.
Ne2 f4 41. Ng1 h2 42. Nh3+ Kh4 43. Nf2 Kg3 44. Nh1+ Kg2 45. Ke6 Ng6 46. d6 Kxh1
47. Kf6 Nf8 48. Ke7 Kg2 0-1